• 首页
  • 本馆介绍
  • 公告通知
  • 最新文献
  • 馆藏检索
  • 电子资源
  • 读者导购
  • 参考咨询
  • 我的图书馆
  • 登录
  • 详细信息显示
  • 放入我的书架
  • 预约/预借图书
  • 作者相关作品
  • 分类相关作品
  • 丛书相关作品
  • 出版社相关作品

书目信息

  • 表格格式
  • 工作单格式
  • 卡片格式
题名:
可信性工程应用与实践
    
 
作者: 哈德威尔 , 大卫·江 著 ;杨春晖 译
分册:  
出版信息: 北京   电子工业出版社  2021.5
页数: 313页
开本: 24cm
丛书名: 可靠性技术丛书
单 册:
中图分类: TN97
科图分类:
主题词: 电子装备--涂层保护--环境试验
电子资源:
ISBN: 978-7-121-40888-5
000 01317nam0 2200277 45
001 012001001936
005 20140912164624.0
010    @a978-7-121-40888-5@dCNY148.00
100    @a20210520d2021 em y0chiy50 ea
101 1  @achi@ceng
102    @aCN@b110000
105    @ay z 000yy
106    @ar
200 1  @a可信性工程应用与实践@Ake xin xing gong cheng ying yong yu shi jian@b专著@e在技术及演进系统中管理可信性的有效方法@dPractical application of dependability engineering@ean effective approach to managing dependability in technological and evolving systems@f(加)托马斯·范·哈德威尔,(加)大卫·江著@g杨春晖[等]译@zeng
210    @a北京@c电子工业出版社@d2021.5
215    @a313页@d24cm
225 1  @a可靠性技术丛书
330    @a本书以有效评价防护涂层环境适应性水平为目标,以环境试验合理设计为着力点,从防护涂层体系配套要求、防护涂层典型环境失效模式、环境条件分析、自然环境试验技术、实验室环境试验技术、性能参数检测及结果评价等多个方面进行阐述,并给出了电子装备防护涂层环境试验技术相关案例。
461  0 @12001 @a可靠性技术丛书
606 0  @a电子装备@x涂层保护@x环境试验
690    @aTN97@v5
701  0 @c(加)@a哈德威尔@Aha de wei er@4著
701  0 @c(加)@a大卫·江@Ada wei · jiang@4著
702  0 @a杨春晖@Ayang chun hui@4译
801  0 @aCN@bBJSDL@c20211011
905    @b1337797-800@dTN97@e42@f4
    
    可信性工程应用与实践:在技术及演进系统中管理可信性的有效方法=Practical application of dependability engineering:an effective approach to managing dependability in technological and evolving systems/(加)托马斯·范·哈德威尔,(加)大卫·江著/杨春晖[等]译.-北京:电子工业出版社,2021.5
    313页;24cm.-(可靠性技术丛书)
    
    
    ISBN 978-7-121-40888-5:CNY148.00
    本书以有效评价防护涂层环境适应性水平为目标,以环境试验合理设计为着力点,从防护涂层体系配套要求、防护涂层典型环境失效模式、环境条件分析、自然环境试验技术、实验室环境试验技术、性能参数检测及结果评价等多个方面进行阐述,并给出了电子装备防护涂层环境试验技术相关案例。
●
相关链接 在E读中查询图书 在五车中查询图书 在当当中查询图书 在豆瓣中查询图书


正题名:可信性工程应用与实践     索取号:TN97/42         预约/预借

序号 登录号 条形码 馆藏地/架位号 状态 备注
1 1337797   213377978   第二样本阅览室/ [索取号:TN97/42] 在馆    
2 1337798   213377987   第三借阅区/ [索取号:TN97/42] 在馆    
3 1337799   213377996   第三借阅区/ [索取号:TN97/42] 在馆    
4 1337800   213378003   第三借阅区/ [索取号:TN97/42] 在馆    
唐山师范学院图书馆 欢迎您!
大连网信软件有限公司© 版权所有